000 00555nam a22001817a 4500
008 170817b xxu||||| |||| 00| 0 eng d
020 _a9715420966
082 _21997
_aDFil 959.9027
_bAg7
100 _922201
_aAgoncillo, Teodoro A.
245 _aMalolos:
_bthe crisis of the republic/
_cTeodoro A. Agoncillo.
250 _a1997 ed.
260 _aQuezon City:
_bUP Press,
_cc1997.
300 _ax, 700 pages;
_c23 cm.
500 _aIncludes bibliography, appendices and index.
650 0 _922202
_aMalolos.
365 _aPhp.
_b810.00
942 _2ddc
_cDFIL
999 _c7305
_d7305